000 00545nam a2200181Ia 4500
001 25397
005 20260414151147.0
008 260414t2017||||xx |||||||||||||| ||spa||
041 _aESP
082 _a346.5
_bM564
100 _aMoisset de Espanés, Luis
_eAUT
245 0 _aLa mora, estudio teórico y legislativo con referencia al derecho peruano :
_bestudio teórico y legislativo con referencia al derecho peruano
260 _c2017
300 _a141 páginas :
_c24 cm.
650 _aDER
654 _aCDE
942 _cLIB
_dJUS
_fJUS
_2ddc
_n
999 _c25397
_d25397